000 01113naa a2200313 c 4500
001 39893
003 ES-MaCES
005 20141221114157.0
008 100219n2009 sp d t 000 | spa d
035 _aCES20100002316v
040 _aES-MaCES
_bspa
_cES-MaCES
100 1 _aDevolder, Daniel
_910626
245 1 0 _aFactores de la evolución de la fecundidad en España en los últimos 30 años
_cDaniel Devolder y Anna Cabré
500 _aResumen
650 4 _aEspaña
_926964
650 4 _adatos estadísticos
_930765
650 4 _aeconomía planificada
_927132
650 4 _aplanificación familiar
_928503
650 4 _adinámica poblacional
_928510
650 4 _atasa de natalidad
_928500
650 4 _amaternidad
_929512
650 4 _afecundidad
_928504
653 1 0 _aEstadísticas demográficas-Población-Movimientos migratorios
700 1 _aCabré Pla, Anna
_98619
773 0 _tPanorama social
_gn. 10 (2º sem. 2009){55/1043 R. 075972}; p. 23-39
_w(ES-MaCES)25996
_979059
902 _aART Artículo de revista
942 _2CES
_cAR
_h8.1.
999 _c39893
_d39893